<The> Impact of external imbalances on Economic Growth and Convergence in Developing Countries: the case of Sub-Saharan Africa doctoral dissertation

Gespeichert in:
Bibliographische Detailangaben
1. Verfasser: Workie Tiruneh, Menbere
Körperschaft: Ekonomická univerzita v Bratislave. Národohospodárska fakulta
Weitere Verfasser: Sobek, Otto
Format: Buch
Sprache:Englisch
Veröffentlicht: Bratislava Faculty of the National Economy 2000
Schlagworte:
Tags: Tag hinzufügen
Keine Tags, Fügen Sie das erste Tag hinzu!

MARC

LEADER 00000nam a2200000 4500
001 c143010
005 20240104091753.8
041 0 |a eng 
044 |a SK 
245 1 0 |a <The> Impact of external imbalances on Economic Growth and Convergence in Developing Countries: the case of Sub-Saharan Africa  |b doctoral dissertation  |c Menbere Workie Tiruneh ; supervisor: Otto Sobek 
264 1 |a Bratislava  |b Faculty of the National Economy  |c 2000 
300 |a 184 s. 
610 2 0 |a nerovnováha hospodárska 
610 2 0 |a konvergencia 
610 2 0 |a globalizácia 
610 2 0 |a krajiny rozvojové 
610 2 0 |a Afrika 
610 2 0 |a Subsahara 
610 2 0 |a rast hospodársky 
610 2 0 |a zadlženosť zahraničná 
100 1 |a Workie Tiruneh, Menbere 
700 1 |a Sobek, Otto 
710 2 |a Ekonomická univerzita v Bratislave. Národohospodárska fakulta